000
00365nam a2200181Ia 4500
001
1350
003
GE_BSU
008
181216s||||||||xx |||||||||||||| ||und||
040
_c
GE_BSU
080
_a
37.01(09)
100
_a
Leech,Geoffrerey
245
_a
Semantics.
260
_b
penguin books.
260
_c
1974
300
_a
386
541
_h
8 L.
942
_c
BK
999
_c
35490
_d
35490